Xác định các nhân tố ảnh hưởng đến quyết định chọn siêu thị để mua sản phẩm thịt tươi của khách hàng tại thành phố Cần Thơ : Luận văn Tốt nghiệp Cao học. Chuyên ngành Quản trị kinh doanh

Đề tài phân tích tình hình hoạt động của hệ thống siêu thị trên địa bàn thành phố Cần Thơ trong thời gian qua, xác định các nhân tố ảnh hưởng đến quyết định chọn siêu thị để mua sản phẩm thịt của khách hàng. Đề xuất các giải pháp đẩy ma...

Descripción completa

Guardado en:
Detalles Bibliográficos
Autor principal: Lê, Đức Lưu Phương
Formato: Libro
Lenguaje:Undetermined
Publicado: Cần Thơ Trường Đại học Cần Thơ 2014
Materias:
Etiquetas: Agregar Etiqueta
Sin Etiquetas, Sea el primero en etiquetar este registro!
Thư viện lưu trữ: Trung tâm Học liệu Trường Đại học Cần Thơ
LEADER 01489nam a2200217Ia 4500
001 CTU_196286
008 210402s9999 xx 000 0 und d
082 |a 658.8342 
082 |b Ph561 
088 |a 60340102 
100 |a Lê, Đức Lưu Phương 
245 0 |a Xác định các nhân tố ảnh hưởng đến quyết định chọn siêu thị để mua sản phẩm thịt tươi của khách hàng tại thành phố Cần Thơ : 
245 0 |b Luận văn Tốt nghiệp Cao học. Chuyên ngành Quản trị kinh doanh 
245 0 |c Lê Đức Lưu Phương ; Lê Tấn Nghiêm (Cán bộ hướng dẫn) 
260 |a Cần Thơ 
260 |b Trường Đại học Cần Thơ 
260 |c 2014 
520 |a Đề tài phân tích tình hình hoạt động của hệ thống siêu thị trên địa bàn thành phố Cần Thơ trong thời gian qua, xác định các nhân tố ảnh hưởng đến quyết định chọn siêu thị để mua sản phẩm thịt của khách hàng. Đề xuất các giải pháp đẩy mạnh việc phát triển hình thức kinh doanh siêu thị nhằm đáp ứng tốt hơn nhu cầu mua hàng tại siêu thị trong thời gian tới. 
650 |a Quan hệ khách hàng,Customer relation 
910 |a Hải 
980 |a Trung tâm Học liệu Trường Đại học Cần Thơ